000 00260nam a2200109Ia 4500
008 230907s9999||||xx |||||||||||||| ||und||
082 _a668.412
_bWAN
100 _aWang, Maw-Ling,
_9116026
245 0 _aMolding simulation :
300 _apages cm
942 _cBK
999 _c600829
_d600829